Green v Westleigh Properties Limits (Record no. 80508)

MARC details
000 -LEADER
fixed length control field 01883cad a22002775a 4500
001 - CONTROL NUMBER
control field L144526
008 - FIXED-LENGTH DATA ELEMENTS--GENERAL INFORMATION
fixed length control field 080725e20080627xxk f v 000 0 eng d
035 ## - SYSTEM CONTROL NUMBER
System control number (Sirsi) u144526
041 0# - LANGUAGE CODE
Language code of text/sound track or separate title eng
245 00 - TITLE STATEMENT
Title Green v Westleigh Properties Limits
Medium [electronic resource]
260 ## - PUBLICATION, DISTRIBUTION, ETC.
Date of publication, distribution, etc. 2008
520 ## - SUMMARY, ETC.
Summary, etc. [2008] EWHC 1474 (QB) 27 June 2008. Despite a purchase notice being poorly drafted by a tenant wishing to purchase a landlord's revisionary notice in his property, it was not so poorly drafted that it would have confused a reasonable recipient and was therefore a valid purchase notice under the Landlord and Tenant Act 1987. Appellant G appealed against a judge's ruling that his application to purchase the revisionary interest in his property from the respondent landlord W was invalid. The ruling was made on the basis that the judge had made this decision as a result of errors and delays on the part of G in submitting the notice. Held: appeal allowed. The original decision was reversed, as the original judge should have taken account of the context around the notice to buy and that W could have been in no doubt that G and the other tenants involved wished to have the freehold interest in the premises transferred to them at that time.
590 ## - LOCAL NOTE (RLIN)
Local note KA
650 24 - SUBJECT ADDED ENTRY--TOPICAL TERM
Topical term or geographic name entry element LANDLORD AND TENANT ACT 1987
650 24 - SUBJECT ADDED ENTRY--TOPICAL TERM
Topical term or geographic name entry element RAVENSEFT PROPERTIES LTD V HALL
650 24 - SUBJECT ADDED ENTRY--TOPICAL TERM
Topical term or geographic name entry element GREEN V TWINSECTRA
650 24 - SUBJECT ADDED ENTRY--TOPICAL TERM
Topical term or geographic name entry element MANNAI INVESTMENT CO LTD V EAGLE STAR LIFE ASSURANCE CO LTD UK
650 24 - SUBJECT ADDED ENTRY--TOPICAL TERM
Topical term or geographic name entry element CARRADINE PROPERTIES LTD V ASLAM
650 24 - SUBJECT ADDED ENTRY--TOPICAL TERM
Topical term or geographic name entry element TUDOR V M25 GROUP
650 24 - SUBJECT ADDED ENTRY--TOPICAL TERM
Topical term or geographic name entry element GREEN V WESTLEIGH PROPERTIES LIMITS
650 #4 - SUBJECT ADDED ENTRY--TOPICAL TERM
Topical term or geographic name entry element HOUSING ACT 1987 S12A
651 #4 - SUBJECT ADDED ENTRY--GEOGRAPHIC NAME
Geographic name England and Wales
Chronological subdivision 1543-
690 ## - LOCAL SUBJECT ADDED ENTRY--TOPICAL TERM (OCLC, RLIN)
Topical term or geographic name as entry element PROPERTY-LEASEHOLD PROPERTY-LANDLORD AND TENANT
856 48 - ELECTRONIC LOCATION AND ACCESS
Uniform Resource Identifier <a href="https://www.bailii.org/ew/cases/EWHC/QB/2008/1474.html">https://www.bailii.org/ew/cases/EWHC/QB/2008/1474.html</a>
Public note View the case free of charge at www.bailii.org...
942 ## - ADDED ENTRY ELEMENTS (KOHA)
Suppress in OPAC 0
Holdings
Withdrawn status Lost status Source of classification or shelving scheme Damaged status Not for loan Home library Current library Shelving location Date acquired Total Checkouts Full call number Barcode Date last seen Copy number Price effective from Koha item type
    Dewey Decimal Classification     Virtual Virtual Online 25/07/2008   ONLINE PUBLICATION 144526-1001 06/08/2019 1 06/08/2019 Law report